[Event "CRO-ch U17"]
[Site "Split"]
[Date "2021.07.29"]
[Round "7"]
[White "Biljesko, Marija"]
[Black "Desnica, Lara"]
[Result "1/2-1/2"]
[WhiteElo "1198"]
[BlackElo "1663"]
[PlyCount "67"]
[EventDate "2021.07.25"]
[EventType "swiss"]
[EventRounds "9"]
[EventCountry "CRO"]
[SourceTitle "EXT 2022"]
[Source "ChessBase"]
[SourceDate "2021.10.06"]
[SourceVersion "1"]
[SourceVersionDate "2021.10.06"]
[SourceQuality "1"]

1. d4 d5 2. Nf3 Nf6 3. Bf4 e6 4. e3 c5 5. c3 Bd6 6. Bxd6 Qxd6 7. Nbd2 Nc6 8. Bd3 0-0 9. 0-0 e5 10. dxe5 Nxe5 11. Nxe5 Qxe5 12. Nf3 Qd6 13. Qc2 h6 14. h3 Bd7 15. c4 Rfe8 16. cxd5 Nxd5 17. Rfd1 Qc6 18. Bc4 Nb6 19. Be2 Rad8 20. Rac1 Rc8 21. b3 Nd5 22. Bc4 Nf6 23. Qd3 b6 24. Qd6 Qb7 25. Ne5 Be6 26. Qd2 Rcd8 27. Qe2 Bxc4 28. Nxc4 Ne4 29. f3 Ng3 30. Qf2 Qc7 31. e4 Nh5 32. Ne3 Nf4 33. Nd5 Nxd5 34. Rxd5 1/2-1/2

[Event "CRO-ch U17"]
[Site "Split"]
[Date "2021.07.26"]
[Round "3"]
[White "Desnica, Lara"]
[Black "Bevanda, Ema"]
[Result "0-1"]
[WhiteElo "1663"]
[BlackElo "1646"]
[PlyCount "44"]
[EventDate "2021.07.25"]
[EventType "swiss"]
[EventRounds "9"]
[EventCountry "CRO"]
[SourceTitle "EXT 2022"]
[Source "ChessBase"]
[SourceDate "2021.10.06"]
[SourceVersion "1"]
[SourceVersionDate "2021.10.06"]
[SourceQuality "1"]

1. e4 e6 2. d3 d5 3. Qe2 Nf6 4. Nf3 c5 5. g3 g6 6. Bg2 Bg7 7. 0-0 0-0 8. Re1 Nc6 9. e5 Nd7 10. Bf4 Re8 11. c3 a5 12. a4 b6 13. h4 Ba6 14. h5 h6 15. g4 g5 16. Bg3 Rc8 17. c4 f6 18. Nfd2 Ndxe5 19. Nc3 Nd4 20. Qf1 Nc2 21. Rxe5 fxe5 22. Rc1 Nb4 0-1

[Event "CRO-chT (Women) 28th"]
[Site "Mali Losinj"]
[Date "2019.09.30"]
[Round "4.14"]
[White "Okanovic, Jasmina"]
[Black "Desnica, Lara"]
[Result "1/2-1/2"]
[WhiteElo "1633"]
[BlackElo "1668"]
[PlyCount "78"]
[EventDate "2019.09.28"]
[EventType "team-tourn"]
[EventRounds "9"]
[EventCountry "CRO"]
[SourceTitle "EXT 2020"]
[Source "ChessBase"]
[SourceDate "2019.10.17"]
[SourceVersion "1"]
[SourceVersionDate "2019.10.17"]
[SourceQuality "1"]
[WhiteTeam "Kastav (W)"]
[BlackTeam "Rijeka Draga (W)"]
[WhiteTeamCountry "CRO"]
[BlackTeamCountry "CRO"]

1. d4 Nf6 2. Bf4 e6 3. e3 c5 4. c3 b6 5. Nf3 Be7 6. h3 0-0 7. Bd3 d6 8. 0-0 Ba6 9. Bxa6 Nxa6 10. Nbd2 cxd4 11. cxd4 Rc8 12. a3 Qd7 13. Qe2 Nc7 14. a4 Ncd5 15. Bh2 Rc2 16. b3 Nc3 17. Qd3 Rc8 18. Kh1 Na2 19. Nc4 Nb4 20. Qd1 Ne4 21. Nfd2 Nxd2 22. Nxd2 Nd3 23. Ne4 Nb4 24. Qf3 d5 25. Ng3 f6 26. Nh5 Bd8 27. Qg4 Nd3 28. Bg3 Qf7 29. Nf4 Nxf4 30. Bxf4 Rb2 31. Rab1 Rcc2 32. Bg3 e5 33. dxe5 fxe5 34. Bxe5 Rxf2 35. Rxf2 Rxf2 36. Kg1 Rf5 37. Bd4 Rg5 38. Qe2 Qg6 39. Rf1 Rf5 1/2-1/2

[Event "CRO-ch U15 Girls"]
[Site "Trogir"]
[Date "2019.06.19"]
[Round "5"]
[White "Bevanda, Ema"]
[Black "Desnica, Lara"]
[Result "1/2-1/2"]
[WhiteElo "1775"]
[BlackElo "1538"]
[PlyCount "122"]
[EventDate "2019.06.17"]
[EventType "swiss"]
[EventRounds "9"]
[EventCountry "CRO"]
[SourceTitle "EXT 2020"]
[Source "ChessBase"]
[SourceDate "2019.10.17"]
[SourceVersion "1"]
[SourceVersionDate "2019.10.17"]
[SourceQuality "1"]

1. d4 Nf6 2. Bf4 e6 3. e3 c5 4. c3 Be7 5. h3 0-0 6. Nf3 d6 7. Bd3 b6 8. Nbd2 cxd4 9. exd4 Ba6 10. Bxa6 Nxa6 11. 0-0 Nc7 12. Qe2 Qd7 13. Rfe1 Rfe8 14. Rad1 b5 15. Ne4 Ncd5 16. Bh2 Rac8 17. Qd2 a5 18. Nfg5 h6 19. Nxf6+ Bxf6 20. Ne4 Be7 21. Qe2 a4 22. a3 Rb8 23. Rd3 Rf8 24. Qh5 Rbc8 25. Kh1 f5 26. Nd2 Rf6 27. Qf3 Rg6 28. Nf1 Rf8 29. Ne3 Nf6 30. d5 Ne4 31. dxe6 Qxe6 32. Rdd1 Qf7 33. Nxf5 d5 34. g4 Re6 35. Qg2 Bg5 36. f4 Bd8 37. Nd4 Ree8 38. Nf5 Bc7 39. Rf1 Bb6 40. Nd4 Nd6 41. f5 Nc4 42. Bf4 Bxd4 43. Rxd4 Ne3 44. Bxe3 Rxe3 45. Rxd5 Rxh3+ 46. Qxh3 Qxd5+ 47. Qf3 Qb3 48. Rf2 Rd8 49. Kg2 Qc4 50. Re2 Rd3 51. Re4 Rd2+ 52. Kh3 Qb3 53. f6 Qf7 54. Qe3 Rd8 55. fxg7 Qf1+ 56. Kh2 Qf6 57. Re8+ Rxe8 58. Qxe8+ Kxg7 59. Qd7+ Kg6 60. Qe8+ Kh7 61. Qe2 Qg5 1/2-1/2

[Event "CRO-ch U15 Girls"]
[Site "Trogir"]
[Date "2019.06.17"]
[Round "2"]
[White "Desnica, Lara"]
[Black "Plazek, Lana"]
[Result "1-0"]
[WhiteElo "1538"]
[BlackElo "1282"]
[PlyCount "39"]
[EventDate "2019.06.17"]
[EventType "swiss"]
[EventRounds "9"]
[EventCountry "CRO"]
[SourceTitle "EXT 2020"]
[Source "ChessBase"]
[SourceDate "2019.10.17"]
[SourceVersion "1"]
[SourceVersionDate "2019.10.17"]
[SourceQuality "1"]

1. e4 e5 2. Nf3 Nc6 3. Bc4 Be7 4. d4 exd4 5. Nxd4 Bc5 6. Nxc6 bxc6 7. Bxf7+ Kf8 8. 0-0 d6 9. Bxg8 Rxg8 10. Be3 Bb6 11. e5 Bb7 12. Qf3+ Ke8 13. Qh5+ Kd7 14. Qf5+ Ke8 15. Bg5 Bc8 16. Qxh7 Qxg5 17. Qxg8+ Ke7 18. exd6+ cxd6 19. Re1+ Kd7 20. Qf7+ 1-0

[Event "CRO-chT U16"]
[Site "Nasice"]
[Date "2017.12.27"]
[Round "2"]
[White "Desnica, Lara"]
[Black "Baric, Marko"]
[Result "0-1"]
[WhiteElo "1431"]
[BlackElo "1596"]
[PlyCount "84"]
[EventDate "2017.12.27"]
[EventType "team-tourn"]
[EventRounds "7"]
[EventCountry "CRO"]
[SourceTitle "EXT 2019"]
[Source "ChessBase"]
[SourceDate "2018.10.10"]
[SourceVersion "1"]
[SourceVersionDate "2018.10.10"]
[SourceQuality "1"]

1. e4 e5 2. Nf3 Nc6 3. Bc4 Bc5 4. b4 Bxb4 5. c3 Be7 6. d4 Na5 7. Nxe5 Nxc4 8. Nxc4 d5 9. exd5 Qxd5 10. Ne3 Qd8 11. 0-0 Nf6 12. Nd2 0-0 13. Bb2 Be6 14. c4 c6 15. Qf3 Qb6 16. Rab1 Qa5 17. Ne4 Nxe4 18. Qxe4 Rfe8 19. d5 cxd5 20. cxd5 Bd7 21. Qf4 Qxa2 22. Nc4 f6 23. Rfe1 Bb5 24. Rec1 Bxc4 25. Qxc4 Qxc4 26. Rxc4 Rac8 27. Rbc1 Rxc4 28. Rxc4 Bd6 29. Bc3 a6 30. g3 Kf7 31. Bb4 Bxb4 32. Rxb4 Re7 33. d6 Rd7 34. Rb6 Ke6 35. Kf1 Kd5 36. Ke2 Kc5 37. Rb3 Kxd6 38. Rd3+ Ke7 39. Kd2 Rxd3+ 40. Kxd3 Kd6 41. Kc4 b5+ 42. Kb4 Ke5 0-1

[Event "CRO-ch U13 Girls"]
[Site "Trogir"]
[Date "2017.06.22"]
[Round "9"]
[White "Desnica, Lara"]
[Black "Arnold, Dora"]
[Result "1-0"]
[WhiteElo "1297"]
[BlackElo "1306"]
[PlyCount "83"]
[EventDate "2017.06.17"]
[EventType "swiss"]
[EventRounds "9"]
[EventCountry "CRO"]
[SourceTitle "CBM 179 Extra"]
[Source "ChessBase"]
[SourceDate "2017.08.23"]
[SourceVersion "1"]
[SourceVersionDate "2017.08.23"]
[SourceQuality "1"]

1. e4 e5 2. Nf3 Nc6 3. Bc4 Bc5 4. b4 Bxb4 5. c3 Ba5 6. d4 exd4 7. 0-0 dxc3 8. Qb3 Qe7 9. Ba3 d6 10. Nxc3 Bxc3 11. Qxc3 Nf6 12. e5 Ne4 13. Qb2 Nc5 14. exd6 cxd6 15. Rfe1 Be6 16. Qxg7 Qf8 17. Qf6 Kd7 18. Rad1 b6 19. Bb5 a6 20. Ne5+ Kc7 21. Bxc6 Rc8 22. Bd7 Bxd7 23. Nxd7 Kxd7 24. Qf5+ Kc7 25. Rb1 Re8 26. Rec1 Re5 27. Qd3 Rg8 28. Qxa6 Qb8 29. Qc4 Re7 30. Qf4 Qa8 31. g3 Qxa3 32. Rxb6 Kxb6 33. Qxd6+ Kb5 34. Rb1+ Kc4 35. Qxe7 Rg7 36. Qh4+ Kd5 37. Rd1+ Ke6 38. Qd4 f6 39. Qd5+ Ke7 40. Re1+ Kf8 41. Qd8+ Kf7 42. Qe8# 1-0

[Event "CRO-ch U13 Girls"]
[Site "Trogir"]
[Date "2017.06.20"]
[Round "6"]
[White "Mahnik, Melani"]
[Black "Desnica, Lara"]
[Result "1-0"]
[WhiteElo "1247"]
[BlackElo "1297"]
[PlyCount "101"]
[EventDate "2017.06.17"]
[EventType "swiss"]
[EventRounds "9"]
[EventCountry "CRO"]
[SourceTitle "CBM 179 Extra"]
[Source "ChessBase"]
[SourceDate "2017.08.23"]
[SourceVersion "1"]
[SourceVersionDate "2017.08.23"]
[SourceQuality "1"]

1. e4 e5 2. Nf3 Nf6 3. Nxe5 d6 4. Nf3 Nxe4 5. d3 Nf6 6. Bg5 Be7 7. Be2 Be6 8. d4 d5 9. c3 Nc6 10. Nbd2 Qd7 11. Bd3 h6 12. Bf4 Bf5 13. Bxf5 Qxf5 14. Bxc7 0-0 15. 0-0 Rfe8 16. Re1 Rac8 17. Be5 Ne4 18. Qc2 Nxe5 19. dxe5 Qg6 20. Nxe4 dxe4 21. Qxe4 Qb6 22. Qc2 Bc5 23. b4 Bxb4 24. Re3 Re7 25. Rb1 Qc5 26. Rxb4 Qxb4 27. cxb4 Rxc2 28. h3 Rxa2 29. Rb3 b5 30. Re3 f6 31. e6 Rd2 32. Nxd2 Kf8 33. Kf1 Ke8 34. Ke2 Kd8 35. Nb3 Kc7 36. Nd4 a6 37. Nf5 Re8 38. e7 Kd7 39. Nxg7 Rxe7 40. Rxe7+ Kxe7 41. Nf5+ Ke6 42. Nxh6 Kd5 43. Kd3 Kc6 44. Nf5 Kb6 45. h4 a5 46. bxa5+ Kxa5 47. Kc2 b4 48. h5 Ka4 49. Kb2 Kb5 50. h6 Kc5 51. h7 1-0

[Event "CRO-ch U13 Girls"]
[Site "Trogir"]
[Date "2017.06.19"]
[Round "5"]
[White "Desnica, Lara"]
[Black "Plazek, Lana"]
[Result "1-0"]
[WhiteElo "1297"]
[BlackElo "1287"]
[PlyCount "79"]
[EventDate "2017.06.17"]
[EventType "swiss"]
[EventRounds "9"]
[EventCountry "CRO"]
[SourceTitle "CBM 179 Extra"]
[Source "ChessBase"]
[SourceDate "2017.08.23"]
[SourceVersion "1"]
[SourceVersionDate "2017.08.23"]
[SourceQuality "1"]

1. e4 e5 2. Nf3 Nc6 3. d4 exd4 4. Bc4 Bc5 5. c3 dxc3 6. Bxf7+ Kxf7 7. Qd5+ Ke8 8. Qxc5 cxb2 9. Bxb2 Qe7 10. Qc4 Nf6 11. 0-0 Qb4 12. Qc2 Kd8 13. Nc3 Qc4 14. Rfe1 d6 15. e5 dxe5 16. Rad1+ Bd7 17. Nxe5 Nxe5 18. Rxe5 Kc8 19. Qd2 Qf7 20. Nd5 Nxd5 21. Rxd5 Rd8 22. Be5 c6 23. Qa5 Qxf2+ 24. Kxf2 Rf8+ 25. Kg1 b6 26. Qa6+ Kd8 27. Qb7 cxd5 28. Qxa8+ Ke7 29. Bd6+ Kxd6 30. Qxf8+ Kc7 31. Rxd5 Be6 32. Qd6+ Kb7 33. Qxe6 Ka6 34. Rd7 Ka5 35. Rxa7+ Kb5 36. a4+ Kb4 37. Qxb6+ Kc4 38. Rd7 g6 39. Qc6+ Kb4 40. Qb6+ 1-0

[Event "CRO-ch U13 Girls"]
[Site "Trogir"]
[Date "2017.06.18"]
[Round "3"]
[White "Bedic, Noemi"]
[Black "Desnica, Lara"]
[Result "1-0"]
[WhiteElo "1370"]
[BlackElo "1297"]
[PlyCount "128"]
[EventDate "2017.06.17"]
[EventType "swiss"]
[EventRounds "9"]
[EventCountry "CRO"]
[SourceTitle "CBM 179 Extra"]
[Source "ChessBase"]
[SourceDate "2017.08.23"]
[SourceVersion "1"]
[SourceVersionDate "2017.08.23"]
[SourceQuality "1"]

1. e4 e5 2. Nf3 Nf6 3. Nxe5 d5 4. exd5 Qxd5 5. d4 Nc6 6. Nxc6 Qxc6 7. Nc3 Be6 8. Bb5 Bd7 9. Bxc6 Bxc6 10. d5 0-0-0 11. Qf3 Nxd5 12. 0-0 Nxc3 13. Qxc3 f6 14. Be3 Kb8 15. Rad1 Bd6 16. Bc5 Be5 17. Qa3 a6 18. Rxd8+ Rxd8 19. Be3 Bd6 20. Rd1 Kc8 21. Qb3 Bxh2+ 22. Kxh2 Rxd1 23. Qg8+ Rd8 24. Qxg7 Be4 25. Bf4 Rd7 26. Qxf6 Bd5 27. Qf8+ Rd8 28. Qc5 Bc6 29. Bg5 Rg8 30. Qe7 Bd5 31. f3 Kb8 32. Qc5 Rxg5 33. c4 Rh5+ 34. Kg1 Bxf3 35. Qf8+ Ka7 36. Qxf3 Re5 37. b4 Re1+ 38. Kh2 Rb1 39. Qa3 Kb8 40. b5 axb5 41. cxb5 Rxb5 42. Qf8+ Ka7 43. a4 Ra5 44. Qb4 b6 45. Qe7 Kb7 46. Qe4+ Kb8 47. Qxh7 Rxa4 48. Qh5 Ra5 49. Qe8+ Kb7 50. g4 Rg5 51. Qe4+ Ka6 52. Kg3 c5 53. Kf4 Rg7 54. g5 b5 55. Qc6+ Ka5 56. Qxc5 Ka4 57. Qd4+ b4 58. Qxg7 b3 59. Qa7+ Kb4 60. Qb6+ Kc3 61. Qc5+ Kb2 62. g6 Ka2 63. g7 b2 64. g8Q+ Kb1 1-0